000 00669nam a2200229Ia 4500
003 OSt
005 20230324132537.0
008 210423s1989 xx 000 0 und d
020 _a0-393-95623-7
040 _cAL
041 _aeng
082 _a891.733
_223
_bGIBN
100 _aGIBIAN (George)
_977450
245 _aNorton critical edition: Feodor Dostoevsky crime and punishment Ed 3
250 _a3
260 _aNew York
_bW W Norton & Co.
_c1989
300 _ax,694
_bPB
365 _b1406.75
_cUSD
650 _aRussian Literature
_977451
906 _acrime ; critical ; Dostoevsky ; edition ; edition: ; Feodor ; Norton ; punishment
942 _2ddc
_cBK
999 _c168802
_d168802